000 00444nam a22001577a 4500
003 OSt
005 20221012144834.0
008 221012b |||||||| |||| 00| 0 eng d
040 _cBiblioteca Lado V
082 _a708
_bM313m
100 _9139
_aMarcade, Bernard
245 _aLe Milieu du monde/
260 _aFrancia
_bComité Regional de la Culture
_c1993
300 _a237p.
_c24x18cm
942 _2ddc
_c1
_h708
_iM313m
_n0
999 _c2259
_d2259